000 00711nam a2200265Ia 4500
005 20260121165024.0
008 008 260114s9999 xx 000 0 eng d
020 _a9781137518415
037 _aEBOOK
040 _aCRL
040 _beng
040 _cCRL
041 _2eng
041 _aeng
084 _qCRL
100 _aSara G. Castellanos, Gustavo A. Del Ángel, Jesús G. Garza-García
_91046561
245 0 _aCompetition and Efficiency in the Mexican Banking Industry
260 _bSpringer
260 _bSpringer
260 _c2016
856 _uhttps://link.springer.com/openurl?genre=book&isbn=978-1-137-51841-5
942 _cEBOOK
999 _c1612286
_d1612286